000 02463nam a2200397 i 4500
001 196264
003 ES-MaACL
005 20250720091911.0
008 240823s2004 sp | ||| ||spa
016 7 _abimoBNE20040690353
_2SpMaBN
017 _aM 23896-2004
_bOficina Depósito Legal Madrid
020 _a8496049507
035 _a(OCoLC)432944271
035 _a(SpMaBN)bimo0001958511
035 _a991016145519708606
040 _aSpMaBN
_bspa
_cSpMaBN
_erdc
_dES-MaACL
080 _a821.134.2-23"19"
100 1 _aLucía Megías, José Manuel,
_d1967-
_eaut
_9240291
245 1 0 _aPrometeo condenado /
_cJosé Manuel Lucía Megías.
250 _a1ª ed.
260 _aMadrid;
_bCalambur,
_c2004.
300 _a87 p. :
_c23 cm.
336 _2rdacontent
_atexto
337 _2rdamedia
_asin mediación
338 _2rdacarrier
_avolumen
490 1 _aCalambur poesía ;
_v47
520 _aPrometeo condenado no es la recreación de un mito clásico, es la metáfora de nuestro propio mundo occidental, próspero y egoísta, que nos encadena y termina por transformarnos en el águila que al amanecer se alimenta con los restos de nuestras entrañas. Prometeo condenado nos enfrenta a un espejo de avidez, de silencios, de vendas con las que cubrimos nuestros ojos para no ver más allá de nuestra arrogancia. Prometeo permanece encadenado a una roca. ¿Venganza del nuevo dios o consecuencia de su soberbia? Una noche transcurre ante sus ojos llenos de preguntas. Prometeo permanece encadenado a una roca solo. Acompañado por las voces de las Oceánidas por el sueño de encuentros nocturnos por la visita de hombres y mujeres que huyen, que se han quedado sin tierra, que han visto morir sus entrañas. Y Prometeo, desde su roca, parece que les habla, que conversa, pero calla, porque Prometeo +como nosotros+ no entiende el mundo que le ha tocado vivir. El mundo que se ofreció de luz en las promesas del nuevo dios.
655 7 _2tgfbne
_9176539
_aPoesías
830 0 _9182221
_aCalambur poesía ;
_v47
852 _aES-MaACL
_bR.154451
_cDEPOJ
_jN-9318
_hDonación: José Manuel Lucía Megías
_xEncuadernación rústica con solapas
_9205389
903 _aLucía Megías, José Manuel,
_d1967-
_ednr
_9240291
942 _cMONOGRAFIA
_n0
999 _c196264
_d196264